000 00611nam a2200241Ia 4500
005 20260320201059.0
008 008 262003s9999 xx 000 0 eng d
037 _aEBOOK
040 _aCRL
040 _beng
040 _cCRL
041 _2eng
041 _aeng
084 _qCRL
100 _aGutierrez
_9935320
245 0 _aLow-Rate Wireless Personal Area Networks: Enabling Wireless Sensors with IEEE 802.15.4
260 _bIEEE
260 _c2007
856 _uhttps://ieeexplore.ieee.org/servlet/opac?bknumber=5769537
942 _cEBOOK
999 _c1718740
_d1718740